৭ মার্চের ভাষণ : (Record no. 76111)
[ view plain ]
| 000 -LEADER | |
|---|---|
| fixed length control field | 00980nam a22002417a 4500 |
| 001 - CONTROL NUMBER | |
| control field | 76111 |
| 003 - CONTROL NUMBER IDENTIFIER | |
| rucl marc code | BD-RjUL |
| 005 - DATE AND TIME OF LATEST TRANSACTION | |
| control field | 20211209082808.0 |
| 008 - FIXED-LENGTH DATA ELEMENTS--GENERAL INFORMATION | |
| fixed length control field | 191028s2019 bg ||||| |||| 00| 0 ben d |
| 020 ## - INTERNATIONAL STANDARD BOOK NUMBER | |
| International Standard Book Number | 9789848795866 |
| 035 ## - SYSTEM CONTROL NUMBER | |
| System control number | (BD-RjUL)76332 |
| 040 ## - CATALOGING SOURCE | |
| Original cataloging agency | BD-RjUL |
| Language of cataloging | eng |
| Transcribing agency | BD-RjUL |
| 041 ## - LANGUAGE CODE | |
| Language code of text/sound track or separate title | eng |
| 082 ## - DEWEY DECIMAL CLASSIFICATION NUMBER | |
| Edition number | 23 |
| Classification number | 954.9205 |
| Author mark and year | SHS 2019 |
| 100 ## - MAIN ENTRY--PERSONAL NAME | |
| Personal name | শাহনাওয়াজ, এ কে এম |
| 9 (RLIN) | 120311 |
| 245 ## - TITLE STATEMENT | |
| Title | ৭ মার্চের ভাষণ : |
| Remainder of title | বিশ্ব ঐতিহ্য দলিল / |
| Statement of responsibility, etc. | এ কে এম শাহনাওয়াজ |
| 260 ## - PUBLICATION, DISTRIBUTION, ETC. (IMPRINT) | |
| Place of publication, distribution, etc. | ঢাকা : |
| Name of publisher, distributor, etc. | প্রতীক প্রকাশনা, |
| Date of publication, distribution, etc. | ২০১৯ |
| 300 ## - PHYSICAL DESCRIPTION | |
| Pagination | ১১১ পৃ. ; |
| Size | ২২ সেমি. |
| 600 ## - SUBJECT ADDED ENTRY--PERSONAL NAME | |
| Personal name | Mujibur Rahman, |
| Titles and other words associated with a name | Sheikh, |
| Dates associated with a name | 1920-1975 |
| Personal name | মুজিবুর রহমান, |
| Titles and other words associated with a name | শেখ, |
| Dates associated with a name | ১৯২০-১৯৭৫ |
| 651 ## - SUBJECT ADDED ENTRY--GEOGRAPHIC NAME | |
| Geographic name | Bangladesh |
| General subdivision | History |
| Chronological subdivision | Revolution, 1971 |
| General subdivision | Sources |
| 9 (RLIN) | 234130 |
| 942 ## - ADDED ENTRY ELEMENTS (KOHA) | |
| Source of classification or shelving scheme | Dewey Decimal Classification |
| Koha item type | Books |
| Lost status | Source of classification or shelving scheme | Damaged status | Not for loan | Permanent Location | Current Location | Shelving location | Date acquired | Source of acquisition | Cost, normal purchase price | Total Checkouts | Full call number | Date last seen | Copy number | Koha item type |
|---|---|---|---|---|---|---|---|---|---|---|---|---|---|---|
| Dewey Decimal Classification | Not For Loan | Central Library, University of Rajshahi | Central Library, University of Rajshahi | Reading Room | 23/09/2019 | Vidyasagar, Rajshahi | 200.00 | B 954.9205 SHS 2019 | 28/10/2019 | C-1 | Books |